Statistics for Royalty Tudor Queen Consort Quiz: Catherine of Aragon

Click here to take the quiz!

General Stats

  • This quiz has been taken 281 times
  • The average score is 11 of 15

Answer Stats

HintAnswer% Correct
Catholic or Protestant?Catholic
98%
Name of her only surviving childMary
96%
The relationship between her first husband and Henry VIIIBrother
92%
The name of her first husbandArthur Tudor
87%
Her mother's nameIsabella I of Castile
84%
Name the other wife of Henry VIII who died in the same year as herAnne Boleyn
78%
Her father's nameFerdinand II of Aragon
75%
Which King of Scotlands bloodied cloak did she send to Henry VIIIJames IV of Scotland
74%
Year her marriage to Henry VIII was annulled1533
73%
The year she married Henry VIII1509
70%
The year she traveled to England1501
67%
What was the year of her death1536
64%
What year was her only surviving child born1515
63%
Title bestowed her after the annulmentDowager Princess of Wales
27%
Where is she buriedPeterborough Cathedral
23%

Score Distribution

Percentile by Number Answered

Percent of People with Each Score

Your Score History

You have not taken this quiz